000
00254nam a2200109Ia 4500
100
_a
Scott Berkun
250
_a
2009 Ed.
942
_c
BK
245
_a
Confession of A Public Speaker
260
_a
Shroff Pub. & Distr. Ltd. Mumbai
082
_a
808.51
_b
SCO
999
_c
423705
_d
423705